Statistiques concernant Personnalités nées dans la Vienne par images

Cliquez ici pour prendre le quiz!

Statistiques générales

  • Ce quiz a été pris 39 fois
  • Le résultat moyen est 4 sur 16

Statistiques - réponses

Réponse% Correct
Jean-Pierre Raffarin
79%
Philippe Croizon
50%
Gringe
42%
Franck Ferrand
34%
Michel Dumas
32%
Joël Robuchon
29%
René Monory
24%
Brian Joubert
21%
Régine Deforges
16%
Michel Foucault
13%
Jehnny Beth
8%
Jules Berry
8%
Marie-France Garaud
3%
Sébastien Canévet
3%
Michel Brunet
0%
Théophraste Renaudot
0%

Distribution des résultats

Percentile par nombre de réponses

% des personnes avec chaque résultat

Votre développement - résultats

Vous n’avez pas pris ce quiz